Statistics for Indiana Pacers NBA Awards Winners

Click here to take the quiz!

General Stats

  • This quiz has been taken 59 times
  • The average score is 5 of 10

Answer Stats

Player% Correct
Paul George
92%
Victor Oladipo
85%
Ron Artest
81%
Jermaine O'Neal
73%
Danny Granger
62%
Larry Bird
56%
Jalen Rose
29%
Detlef Schrempf
27%
Chuck Person
25%
Jack McKinney
2%

Score Distribution

Percentile by Number Answered

Percent of People with Each Score

Your Score History

You have not taken this quiz